000 00204nam a2200097Ia 4500
008 240331s9999 xx 000 0 und d
082 _bNAD
100 _aNadarasam,N
245 0 _aKavic katparasi
942 _cL
999 _c4717
_d4717